Power system analysis (Record no. 1347)

000 -LEADER
fixed length control field 00590nam a2200229 a 4500
001 - CONTROL NUMBER
control field 1347
003 - CONTROL NUMBER IDENTIFIER
control field BD-DhUET
008 - FIXED-LENGTH DATA ELEMENTS--GENERAL INFORMATION
fixed length control field 931008s1994 nyua 001 0 eng
020 ## - INTERNATIONAL STANDARD BOOK NUMBER
International Standard Book Number 0070585156
020 ## - INTERNATIONAL STANDARD BOOK NUMBER
International Standard Book Number 0071133380
040 ## - CATALOGING SOURCE
Original cataloging agency DLC
Transcribing agency DLC
Modifying agency BD-DhUET
082 00 - DEWEY DECIMAL CLASSIFICATION NUMBER
Classification number 623.19
Item number GRA/1994
100 1# - MAIN ENTRY--PERSONAL NAME
Personal name Grainger, John J.
245 10 - TITLE STATEMENT
Title Power system analysis
250 ## - EDITION STATEMENT
Edition statement 1st ed.
260 ## - PUBLICATION, DISTRIBUTION, ETC. (IMPRINT)
Place of publication, distribution, etc. New York
Name of publisher, distributor, etc. McGraw-Hill
Date of publication, distribution, etc. 1994
300 ## - PHYSICAL DESCRIPTION
Extent xix, 787 p.
Other physical details ill.
504 ## - BIBLIOGRAPHY, ETC. NOTE
Bibliography, etc Includes bibliographies
650 #0 - SUBJECT ADDED ENTRY--TOPICAL TERM
Topical term or geographic name as entry element Electric power systems-Management
700 1# - ADDED ENTRY--PERSONAL NAME
Personal name Stevenson, William D.
942 ## - ADDED ENTRY ELEMENTS (KOHA)
Koha item type General Book
Holdings
Date acquired Koha normalized classification for sorting Koha date last borrowed Koha renewals Koha item type Not for loan Copy number Sublocation or collection (holding branch) Koha full call number Source of classification or shelving scheme Withdrawn status Location (home branch) Koha out on loan Koha date last seen Piece designation (barcode) Koha issues (times borrowed) Damaged status Price effective from Lost status Shelving location
2014-09-03623_000000000000000_19GRA19942024-03-04 General Book 1Central Library, BUET623.19/GRA/1994  Central Library, BUET 2024-06-011039605 2014-09-03 Circulation section
2014-09-03623_000000000000000_19GRA19942019-05-06 General Book 2Central Library, BUET623.19/GRA/1994  Central Library, BUET 2020-01-141039611 2014-09-03 Circulation section
2014-09-03623_000000000000000_19GRA19942025-07-131General Book 3Central Library, BUET623.19/GRA/1994  Central Library, BUET 2025-11-031039623 2014-09-03 Circulation section
2014-09-03623_000000000000000_19GRA19942019-10-21 General Book 4Central Library, BUET623.19/GRA/1994  Central Library, BUET 2025-04-221039631 2014-09-03 Circulation section
2014-09-03623_000000000000000_19GRA19942023-11-27 General Book 5Central Library, BUET623.19/GRA/1994  Central Library, BUET2023-12-112023-11-271039641 2014-09-03 Circulation section
2014-09-03623_000000000000000_19GRA1994  General Book 6Central Library, BUET623.19/GRA/1994  Central Library, BUET 2016-01-26103965  2014-09-03 Circulation section
2014-09-03623_000000000000000_19GRA19942021-02-132General Book 7Central Library, BUET623.19/GRA/1994  Central Library, BUET 2021-12-131039661 2014-09-03 Circulation section
2014-09-03623_000000000000000_19GRA19942022-02-06 General Book 8Central Library, BUET623.19/GRA/1994  Central Library, BUET2023-02-062022-02-061039672 2014-09-03 Circulation section
2014-09-03623_000000000000000_19GRA19942025-05-03 General Book 9Central Library, BUET623.19/GRA/1994  Central Library, BUET2025-05-172025-05-031039685 2014-09-03 Circulation section
2015-06-21623_190000000000000_GRA_1994  Reading Item 10Central Library, BUET623.19/GRA/1994  Central Library, BUET 2015-06-2189529  2015-06-21 Reading section
2015-06-21623_190000000000000_GRA_1994  Reading Item 11Central Library, BUET623.19/GRA/1994  Central Library, BUET 2015-06-2191138  2015-06-21 Reading section
2015-07-02623_190000000000000_GRA_1994  Reading Item 12Central Library, BUET623.19/GRA/1994  Central Library, BUET 2015-07-0290777  2015-07-02 Reading section